Albedrío / (Registro nro. 7098)
[ vista simple ]
| 000 -LIDER | |
|---|---|
| fixed length control field | 00698nam a2200217 a 4500 |
| 001 - NÚMERO DE CONTROL | |
| Identificador de número de control | 000037711 |
| 003 - IDENTIFICACDOR DE NÚMERO DE CONTROL | |
| control field | 000037711 |
| 005 - DATE AND TIME OF LATEST TRANSACTION | |
| control field | 20180221105613.0 |
| 008 - ELEMENTOS DE LONGITUD FIJA | |
| fixed length control field | 121115s2012 dr 000 0 spa d |
| 020 ## - ISBN | |
| International Standard Book Number | 9789945868883 |
| 040 ## - FUENTE DE CATALOGACIÓN | |
| Agencia que crea de manera original el registro | BM |
| Idioma de catalogación | spa |
| Agencia que realiza la transcripción | BM |
| 100 1# - ASIENTO PRINCIPAL -- NOMBRE PERSONAL | |
| Nombre personal | Messón, Omar |
| 245 10 - MENCIÓN DE TITULO | |
| Mención de responsabilidad | Omar Messón. |
| Título | Albedrío / |
| 246 13 - VARIACION DEL TÍTULO | |
| Título propiamente dicho o título corto | Por nuestro país primero |
| 260 ## - PUBLICACIÓN, DISTRIBUCIÓN, ETC. (PIE DE IMPRENTA) | |
| Lugar de publicación, distribución, etc | Santo Domingo : |
| Nombre del editor, distribuidor, etc. | Sociedad Cultural Renovación , |
| Fecha de publicación, distribución, etc | 2012. |
| 300 ## - DESCRIPCIÓN FÍSICA | |
| Extensión | 72 p. : ; |
| Dimensiones | 23 cm. |
| 500 ## - NOTA GENERAL | |
| Nota general | Premio Emilio Prud´Homme 2011 género poesía, concurso Literario Por Nuestro País Primero |
| 942 ## - ADDED ENTRY ELEMENTS (KOHA) | |
| Source of classification or shelving scheme | Dewey Decimal Classification |
| Koha item type | Libros |
| 945 ## - INFORMACIÓN DE PROCESAMIENTO LOCAL | |
| Información de procesamiento local | Título remanejado para BNPHU / 2017 VM |
| 956 ## - LOCAL ELECTRONIC LOCATION AND ACCESS (OCLC) | |
| Nombre de host | VMATEO |
| Número de acceso | 10 |
| Información de compresión | 20150728 |
| Inicio de sesión | BPMSU |
| Procesador de solicitud | 0069 |
| Withdrawn status | Lost status | Source of classification or shelving scheme | Damaged status | Not for loan | Home library | Current library | Date acquired | Total Checkouts | Barcode | Date last seen | Copy number | Price effective from | Koha item type |
|---|---|---|---|---|---|---|---|---|---|---|---|---|---|
| Dewey Decimal Classification | Biblioteca Pública Metropolitana Salomé Ureña | Biblioteca Pública Metropolitana Salomé Ureña | 07/08/2014 | BPMSU15040465 | 07/08/2014 | 07/08/2014 | Libros |